Statistics for Similar Country Flags

Click here to take the quiz!

General Stats

  • This quiz has been taken 65 times
  • The average score is 31 of 38

Answer Stats

Answer% Correct
Australia
100%
Ireland
100%
New Zealand
100%
USA
95%
Ivory Coast
93%
Romania
91%
Germany
89%
Latvia
89%
Austria
88%
Belgium
88%
India
88%
Liberia
88%
Turkey
88%
Andorra
86%
Poland
86%
Moldova
84%
Chad
82%
Qatar
82%
Bahrain
80%
Croatia
80%
Thailand
80%
Tunisia
80%
Malta
79%
Slovakia
79%
Slovenia
79%
Indonesia
77%
Monaco
77%
Niger
75%
Serbia
75%
Costa Rica
73%
Ghana
71%
Iran
71%
Myanmar
71%
Cameroon
66%
Senegal
66%
Tajikistan
66%
Guinea
63%
Mali
63%

Score Distribution

Percentile by Number Answered

Percent of People with Each Score

Your Score History

You have not taken this quiz